| 000 | 00515nam a2200169Ia 4500 | ||
|---|---|---|---|
| 008 | 151213s9999 xx 000 0 und d | ||
| 020 | _a978-81317-0492 | ||
| 100 | _aAlan V. Oppenhim , Ronald W.Schafer & Buck | ||
| 245 |
_aDiscrete - Time Signal Processing _cAlan V. Oppenhim , Ronald W.Schafer & Buck |
||
| 250 | _a2nd | ||
| 260 |
_aNew Delhi _bPearson Prentic Hall _c1999 |
||
| 300 | _a8275 p. | ||
| 650 | _aE E E | ||
| 650 | _ascience | ||
| 700 | _aAlan V. Oppenhim , Ronald W.Schafer & Buck | ||
| 999 |
_c4140 _d4140 |
||